[Event "Vladivostok Eastern Economic Forum"]
[Site "Vladivostok"]
[Date "2024.09.03"]
[Round "1"]
[White "Spitsin, Alexey"]
[Black "Harutjunyan, Gevorg"]
[Result "0-1"]
[WhiteElo "2142"]
[BlackElo "2350"]
[PlyCount "58"]
[EventDate "2024.09.03"]
[EventType "swiss (rapid)"]
[EventRounds "11"]
[EventCountry "RUS"]
[SourceTitle "EXT 2025"]
[Source "ChessBase"]
[SourceDate "2024.10.14"]
[SourceVersion "1"]
[SourceVersionDate "2024.10.14"]
[SourceQuality "1"]

1. e4 c6 2. d4 d5 3. exd5 cxd5 4. c4 Nf6 5. Nc3 e6 6. Bg5 Bb4 7. Rc1 0-0 8. Nf3 Nbd7 9. a3 Bxc3+ 10. Rxc3 h6 11. Bh4 Re8 12. Be2 dxc4 13. Bxc4 b6 14. 0-0 Bb7 15. Bb5 a6 16. Bxd7 Qxd7 17. Bxf6 gxf6 18. Qc1 Kg7 19. Qf4 Rac8 20. Rb3 Qc7 21. Qh4 Bd5 22. Re3 Qe7 23. Rfe1 Rc2 24. Qh5 Qc7 25. Nh4 Qf4 26. Rg3+ Kf8 27. Nf3 Rc1 28. Qg4 Qxg4 29. Rxg4 Bxf3 0-1

[Event "Petropavlovsk Kamchatsky-ch"]
[Site "Petropavlovsk Kamchatsky"]
[Date "2010.12.26"]
[Round "9"]
[White "Chernih, Nikolay"]
[Black "Spitsin, Alexey"]
[Result "0-1"]
[WhiteElo "2112"]
[BlackElo "2310"]
[PlyCount "72"]
[EventDate "2010.12.12"]
[EventType "swiss"]
[EventRounds "9"]
[EventCountry "RUS"]
[SourceTitle "EXT 2022"]
[Source "ChessBase"]
[SourceDate "2021.10.06"]
[SourceVersion "1"]
[SourceVersionDate "2021.10.06"]
[SourceQuality "1"]

1. e4 e6 2. c4 d5 3. cxd5 exd5 4. exd5 Nf6 5. Bb5+ Nbd7 6. Nc3 Be7 7. a3 0-0 8. Nge2 a6 9. Ba4 b5 10. Bb3 Nb6 11. d4 Bb7 12. Qd3 Nbxd5 13. Bg5 g6 14. f3 Rc8 15. 0-0-0 b4 16. Ne4 Nxe4 17. Bxe7 Qxe7 18. fxe4 bxa3 19. bxa3 a5 20. Ng3 Ba6 21. Qf3 Nb6 22. h4 Nc4 23. Rd3 Rb8 24. Rc3 c5 25. d5 Ne5 26. Qe3 c4 27. h5 Nd3+ 28. Kd2 Nb4 29. Ba4 Rfd8 30. Qh6 Nxd5 31. exd5 Rxd5+ 32. Kc1 Qb7 33. Bb3 cxb3 34. Ne4 Qe7 35. Kb2 Qxe4 36. a4 Qxg2+ 0-1

[Event "Petropavlovsk Kamchatsky-ch"]
[Site "Petropavlovsk Kamchatsky"]
[Date "2010.12.22"]
[Round "7"]
[White "Shubin, Alexander"]
[Black "Spitsin, Alexey"]
[Result "1/2-1/2"]
[WhiteElo "2163"]
[BlackElo "2310"]
[PlyCount "24"]
[EventDate "2010.12.12"]
[EventType "swiss"]
[EventRounds "9"]
[EventCountry "RUS"]
[SourceTitle "EXT 2022"]
[Source "ChessBase"]
[SourceDate "2021.10.06"]
[SourceVersion "1"]
[SourceVersionDate "2021.10.06"]
[SourceQuality "1"]

1. e4 d5 2. exd5 Qxd5 3. Nc3 Qd8 4. d4 Nf6 5. Nf3 Bf5 6. Bd3 Bg6 7. Bxg6 hxg6 8. Qe2 e6 9. Qb5+ Nbd7 10. Qxb7 Bd6 11. Ne4 Nxe4 12. Qxe4 Rb8 1/2-1/2

[Event "Petropavlovsk Kamchatsky-ch"]
[Site "Petropavlovsk Kamchatsky"]
[Date "2010.12.20"]
[Round "6"]
[White "Barkov, Kirill Gennadievich"]
[Black "Spitsin, Alexey"]
[Result "1-0"]
[WhiteElo "2164"]
[BlackElo "2310"]
[PlyCount "49"]
[EventDate "2010.12.12"]
[EventType "swiss"]
[EventRounds "9"]
[EventCountry "RUS"]
[SourceTitle "EXT 2022"]
[Source "ChessBase"]
[SourceDate "2021.10.06"]
[SourceVersion "1"]
[SourceVersionDate "2021.10.06"]
[SourceQuality "1"]

1. e4 e6 2. d4 d5 3. Nc3 dxe4 4. Nxe4 Nd7 5. Bd3 Ngf6 6. Nxf6+ Nxf6 7. Nf3 Be7 8. Bg5 0-0 9. Qe2 Nd5 10. h4 Qd6 11. 0-0-0 f6 12. Bd2 a5 13. c4 Nf4 14. Bxh7+ Kxh7 15. Qe4+ Kg8 16. Bxf4 Qb4 17. Qc2 Ra6 18. a3 Qb6 19. h5 Qc6 20. h6 Kf7 21. hxg7 Rg8 22. Rh8 b5 23. c5 Qd5 24. Rxg8 Kxg8 25. Qg6 1-0